[Event "Malaga op 8th"]
[Site "Campillos"]
[Date "2005.02.25"]
[Round "8"]
[White "Tissir, Mohamed"]
[Black "Milla de Marco, Carlos"]
[Result "1-0"]
[WhiteElo "2426"]
[BlackElo "2092"]
[PlyCount "81"]
[EventDate "2005.02.19"]
[EventType "swiss"]
[EventRounds "9"]
[EventCountry "ESP"]
[SourceTitle "CBM 104 Extra"]
[Source "ChessBase"]
[SourceDate "2005.03.01"]
[SourceVersion "1"]
[SourceVersionDate "2005.03.01"]
[SourceQuality "1"]

1. e4 d6 2. d4 Nf6 3. Nc3 e5 4. Nf3 exd4 5. Nxd4 Be7 6. Bd3 0-0 7. 0-0 c5 8. Nde2 Nc6 9. Nf4 Be6 10. Re1 a6 11. a4 Nb4 12. Bf1 Bd7 13. h3 Re8 14. g4 Bc8 15. Bg2 Bf8 16. g5 Nd7 17. Nfd5 Nxd5 18. Nxd5 Nb6 19. Nc3 Nc4 20. f4 g6 21. b3 Bg7 22. e5 Na5 23. Nd5 dxe5 24. fxe5 Nc6 25. Bf4 Nd4 26. c3 Ne6 27. Qf3 Nxf4 28. Qxf4 Be6 29. Nf6+ Bxf6 30. gxf6 Kh8 31. Bxb7 Qd3 32. Re3 Qc2 33. Qh6 Rg8 34. Bxa8 Bxb3 35. e6 Qd2 36. e7 Bxa4 37. Rxa4 Qc1+ 38. Kh2 Qd2+ 39. Bg2 Qd6+ 40. Qf4 Qd7 41. Rae4 1-0

[Event "Malaga-ch"]
[Site "Malaga"]
[Date "2005.02.06"]
[Round "6"]
[White "Buijs Martin, Urtzi"]
[Black "Milla de Marco, Carlos"]
[Result "1-0"]
[WhiteElo "2138"]
[BlackElo "2092"]
[PlyCount "55"]
[EventDate "2005.01.22"]
[EventType "swiss"]
[EventRounds "9"]
[EventCountry "ESP"]
[SourceTitle "CBM 105 Extra"]
[Source "ChessBase"]
[SourceDate "2005.05.01"]
[SourceVersion "1"]
[SourceVersionDate "2005.05.01"]
[SourceQuality "1"]

1. e4 d6 2. d4 Nf6 3. Nc3 e5 4. f4 exd4 5. Qxd4 Be7 6. Nf3 0-0 7. Bd3 c6 8. Bd2 Nbd7 9. e5 Ne8 10. Ne4 d5 11. Neg5 Bc5 12. Bxh7+ Kh8 13. Qd3 Qe7 14. 0-0-0 Bb6 15. Nh4 Nc5 16. Qf3 Ne6 17. Qh5 Nxg5 18. Ng6+ fxg6 19. Bxg6+ Kg8 20. fxg5 Nf6 21. exf6 gxf6 22. Rde1 Qc7 23. gxf6 Rxf6 24. Re8+ Rf8 25. Rxf8+ Kxf8 26. Qh8+ Ke7 27. Qg7+ Kd6 28. Bf4+ 1-0

[Event "Narciso Yepes Memorial"]
[Site "Lorca"]
[Date "2005.??.??"]
[Round "?"]
[White "Duque, Leonardo"]
[Black "Milla de Marco, Carlos"]
[Result "0-1"]
[WhiteElo "1820"]
[BlackElo "2158"]
[PlyCount "62"]
[EventDate "2005.07.01"]
[EventType "swiss"]
[EventRounds "9"]
[EventCountry "ESP"]
[SourceTitle "CBM 107 Extra"]
[Source "ChessBase"]
[SourceDate "2005.09.01"]
[SourceVersion "1"]
[SourceVersionDate "2005.09.01"]
[SourceQuality "1"]

1. e4 d6 2. d4 Nf6 3. Nc3 e5 4. Nf3 exd4 5. Nxd4 Be7 6. Bc4 0-0 7. 0-0 c6 8. Bb3 Na6 9. Re1 Nc5 10. Bc4 a5 11. Be2 Re8 12. Bf4 Bf8 13. Nb3 Ncxe4 14. Nxe4 Rxe4 15. Be3 d5 16. Bd3 Re8 17. Qd2 a4 18. Nd4 Ne4 19. Bxe4 dxe4 20. Rad1 Bg4 21. f3 exf3 22. Nxf3 Qxd2 23. Rxd2 Bxf3 24. gxf3 Rxe3 25. Rxe3 Bc5 26. Rde2 Re8 27. Kf2 g5 28. b4 axb3 29. axb3 f5 30. b4 Bb6 31. c4 Bd4 0-1

[Event "Malaga-chT final"]
[Site "Malaga"]
[Date "2004.02.15"]
[Round "3.3"]
[White "Campos Alarcon, Rafael"]
[Black "Milla de Marco, Carlos"]
[Result "1-0"]
[WhiteElo "2090"]
[BlackElo "2123"]
[PlyCount "32"]
[EventDate "2004.02.08"]
[EventType "team"]
[EventRounds "3"]
[EventCountry "ESP"]
[SourceTitle "CBM 098 Extra"]
[Source "ChessBase"]
[SourceDate "2004.03.10"]
[SourceVersion "2"]
[SourceVersionDate "2004.03.10"]
[SourceQuality "1"]
[WhiteTeam "Team 2"]
[BlackTeam "Team 3"]
[WhiteTeamCountry "ESP"]
[BlackTeamCountry "ESP"]

1. e4 d6 2. d4 Nf6 3. Nc3 e5 4. Nf3 Nbd7 5. Bc4 Be7 6. g4 c6 7. Rg1 b5 8. Bb3 a6 9. Be3 Qc7 10. g5 Ng8 11. Nh4 c5 12. dxc5 Nxc5 13. Bxf7+ Kd8 14. Bxg8 Rxg8 15. Qd5 Rf8 16. Qxa8 Qa5 1-0

[Event "Malaga-ch"]
[Site "Malaga"]
[Date "2004.01.31"]
[Round "7.7"]
[White "Gutierrez Lopez, Carlos"]
[Black "Milla de Marco, Carlos"]
[Result "1-0"]
[WhiteElo "2147"]
[BlackElo "2123"]
[PlyCount "53"]
[EventDate "2004.01.10"]
[EventType "swiss"]
[EventRounds "9"]
[EventCountry "ESP"]
[SourceTitle "CBM 098 Extra"]
[Source "ChessBase"]
[SourceDate "2004.03.10"]
[SourceVersion "2"]
[SourceVersionDate "2004.03.10"]
[SourceQuality "1"]

1. e4 d6 2. d4 Nf6 3. Nc3 Nbd7 4. Nf3 e5 5. Bc4 Be7 6. 0-0 0-0 7. Re1 c6 8. a4 a5 9. b3 exd4 10. Qxd4 Ng4 11. Ba3 Bf6 12. Qd2 Nde5 13. Rad1 Nxf3+ 14. gxf3 Be5 15. fxg4 Bxh2+ 16. Kg2 Bxg4 17. Be2 Qh4 18. Bxg4 Be5 19. Bf3 Qh2+ 20. Kf1 f5 21. Bg2 Rf6 22. exf5 Raf8 23. Ne4 Rxf5 24. Bxd6 Bxd6 25. Qxd6 Re5 26. Ng3 Rxe1+ 27. Rxe1 1-0

[Event "Benidorm Bali op-A"]
[Site "Benidorm"]
[Date "2003.11.25"]
[Round "6"]
[White "Milla de Marco, Carlos"]
[Black "Garcia Amoros, Pablo"]
[Result "1/2-1/2"]
[WhiteElo "2123"]
[BlackElo "2211"]
[PlyCount "60"]
[EventDate "2003.11.21"]
[EventType "swiss"]
[EventRounds "9"]
[EventCountry "ESP"]
[SourceTitle "CBM 097 Extra"]
[Source "ChessBase"]
[SourceDate "2004.01.13"]
[SourceVersion "1"]
[SourceVersionDate "2004.01.13"]
[SourceQuality "1"]

1. e4 c5 2. Nc3 Nc6 3. g3 g6 4. Bg2 Bg7 5. d3 d6 6. Be3 e6 7. Qd2 Rb8 8. Nge2 Nd4 9. Nc1 b5 10. 0-0 b4 11. Nd1 Qa5 12. c3 bxc3 13. bxc3 Nc6 14. f4 Nge7 15. f5 exf5 16. Bh6 Be5 17. Ne2 fxe4 18. dxe4 Be6 19. Ne3 Ng8 20. Bf4 Nd4 21. Bxe5 dxe5 22. Nd5 Bxd5 23. exd5 Nf5 24. d6 Qd8 25. Bc6+ Kf8 26. Rad1 Nf6 27. Rxf5 gxf5 28. Qh6+ Kg8 29. Qg5+ Kf8 30. Qh6+ Kg8 1/2-1/2

[Event "Benidorm Bali op-A"]
[Site "Benidorm"]
[Date "2003.11.24"]
[Round "5"]
[White "Milla de Marco, Carlos"]
[Black "Cordon Gutierrez, Juan Pedro"]
[Result "0-1"]
[WhiteElo "2123"]
[BlackElo "2209"]
[PlyCount "58"]
[EventDate "2003.11.21"]
[EventType "swiss"]
[EventRounds "9"]
[EventCountry "ESP"]
[SourceTitle "CBM 097 Extra"]
[Source "ChessBase"]
[SourceDate "2004.01.13"]
[SourceVersion "1"]
[SourceVersionDate "2004.01.13"]
[SourceQuality "1"]

1. e4 c5 2. Nc3 e6 3. g3 Nc6 4. Bg2 Nf6 5. d3 d5 6. exd5 exd5 7. Nge2 d4 8. Ne4 Be7 9. Nf4 0-0 10. 0-0 Bf5 11. Re1 Qd7 12. h3 h6 13. Bd2 Rfe8 14. a3 a5 15. Nxf6+ Bxf6 16. Nd5 Rxe1+ 17. Qxe1 Bd8 18. g4 Bh7 19. f4 f5 20. Qg3 Kf8 21. gxf5 Bxf5 22. Re1 Ra6 23. c4 dxc3 24. bxc3 Ne7 25. c4 Rg6 26. Qe3 Nxd5 27. cxd5 Bxh3 28. Qxc5+ Kg8 29. Bxa5 b6 0-1

[Event "Burgas op 11th"]
[Site "Orense"]
[Date "2002.07.14"]
[Round "9.22"]
[White "Milla de Marco, Carlos"]
[Black "Piay Augusto, Mauro"]
[Result "1-0"]
[WhiteElo "2033"]
[BlackElo "2139"]
[PlyCount "83"]
[EventDate "2002.07.06"]
[EventType "swiss"]
[EventRounds "9"]
[EventCountry "ESP"]
[SourceTitle "CBM 089 Extra"]
[Source "ChessBase"]
[SourceDate "2002.09.10"]
[SourceVersion "2"]
[SourceVersionDate "2002.09.10"]
[SourceQuality "1"]

1. e4 e6 2. d4 d5 3. e5 c5 4. c3 Nc6 5. Nf3 Bd7 6. Be2 Nge7 7. 0-0 Nf5 8. Be3 h6 9. Qd2 Qc7 10. Na3 a6 11. Nc2 g5 12. g4 Nxe3 13. Qxe3 Ne7 14. h4 cxd4 15. Ncxd4 Ng6 16. Bd3 Nxh4 17. Nxh4 gxh4 18. Kh1 0-0-0 19. b4 f6 20. f4 fxe5 21. fxe5 Bg7 22. Rfe1 Kb8 23. b5 axb5 24. Bxb5 Bxb5 25. Nxb5 Qa5 26. Rab1 Bf8 27. Rf1 Rh7 28. Qf2 Rc8 29. Qxf8 Rd7 30. Qf2 Rg8 31. Qc5 Rc8 32. Rf8 Rdc7 33. Qxc7+ Qxc7 34. Nxc7 Rxf8 35. Nxe6 Re8 36. Nd4 Kc7 37. e6 Ra8 38. Rb2 Rg8 39. Rg2 Kd6 40. Kh2 Rc8 41. Rc2 Rc4 42. Re2 1-0

[Event "Burgas op 11th"]
[Site "Orense"]
[Date "2002.07.12"]
[Round "7.32"]
[White "Milla de Marco, Carlos"]
[Black "Alves, Hugo"]
[Result "1/2-1/2"]
[WhiteElo "2033"]
[BlackElo "2027"]
[PlyCount "64"]
[EventDate "2002.07.06"]
[EventType "swiss"]
[EventRounds "9"]
[EventCountry "ESP"]
[SourceTitle "CBM 089 Extra"]
[Source "ChessBase"]
[SourceDate "2002.09.10"]
[SourceVersion "2"]
[SourceVersionDate "2002.09.10"]
[SourceQuality "1"]

1. e4 c5 2. Nc3 e6 3. f4 d5 4. d3 Nc6 5. Nf3 dxe4 6. dxe4 Qxd1+ 7. Nxd1 Nf6 8. Nf2 Nb4 9. Kd1 Bd7 10. c3 Nc6 11. Kc2 0-0-0 12. g4 Be7 13. Bg2 Ne8 14. Be3 f6 15. e5 Nc7 16. c4 Be8 17. Rhd1 Bg6+ 18. Kc3 Nb4 19. Rxd8+ Rxd8 20. Ne1 Nc6 21. Bxc6 bxc6 22. Rd1 Rxd1 23. Nxd1 Na6 24. a3 h5 25. h3 hxg4 26. hxg4 Nb8 27. Nf2 Nd7 28. Ned3 Kb7 29. b4 cxb4+ 30. axb4 a6 31. exf6 gxf6 32. Kb3 Bh7 1/2-1/2

[Event "Burgas op 11th"]
[Site "Orense"]
[Date "2002.07.09"]
[Round "4.16"]
[White "Espineira Gonzalez, Diego Adrian"]
[Black "Milla de Marco, Carlos"]
[Result "1-0"]
[WhiteElo "2194"]
[BlackElo "2033"]
[PlyCount "73"]
[EventDate "2002.07.06"]
[EventType "swiss"]
[EventRounds "9"]
[EventCountry "ESP"]
[SourceTitle "CBM 089 Extra"]
[Source "ChessBase"]
[SourceDate "2002.09.10"]
[SourceVersion "2"]
[SourceVersionDate "2002.09.10"]
[SourceQuality "1"]

1. e4 d6 2. d4 Nf6 3. Nc3 e5 4. dxe5 dxe5 5. Qxd8+ Kxd8 6. Bc4 Be6 7. Bxe6 fxe6 8. f3 a6 9. Be3 Bd6 10. 0-0-0 Ke7 11. Nge2 b5 12. a4 b4 13. Nb1 Nc6 14. Nd2 Na5 15. b3 Rab8 16. Kb2 Rhc8 17. Nc1 Nd7 18. Nd3 Rb7 19. g3 Rcb8 20. f4 Ke8 21. Nf3 exf4 22. gxf4 Nf6 23. e5 Nd5 24. exd6 Nxe3 25. Rde1 Nec4+ 26. bxc4 Nxc4+ 27. Kb3 Na5+ 28. Ka2 cxd6 29. Rxe6+ Kd7 30. Rhe1 Nc6 31. Nb2 b3+ 32. cxb3 Rxb3 33. Nc4 Rxf3 34. Rxd6+ Kc7 35. Rxc6+ Kd8 36. Rd6+ Kc8 37. Re8+ 1-0

[Event "Malaga op 5th"]
[Site "Malaga"]
[Date "2002.02.23"]
[Round "2"]
[White "Komljenovic, Davorin"]
[Black "Milla de Marco, Carlos"]
[Result "1-0"]
[WhiteElo "2505"]
[BlackElo "2045"]
[PlyCount "42"]
[EventDate "2002.02.22"]
[EventType "swiss"]
[EventRounds "9"]
[EventCountry "ESP"]
[SourceTitle "CBM 086 Extra"]
[Source "ChessBase"]
[SourceDate "2002.03.14"]
[SourceVersion "1"]
[SourceVersionDate "2002.03.14"]
[SourceQuality "1"]

1. d4 f5 2. g3 g6 3. b3 Nf6 4. Bb2 Bg7 5. Bg2 0-0 6. Nf3 d6 7. 0-0 e5 8. dxe5 Ng4 9. Na3 Nxe5 10. Nxe5 dxe5 11. Qxd8 Rxd8 12. Nb5 Na6 13. Rad1 Bd7 14. Bxb7 Bxb5 15. c4 Rab8 16. cxb5 Nb4 17. Rxd8+ Rxd8 18. e4 Nxa2 19. Ra1 Nb4 20. Bc3 Nc2 21. Rxa7 Nd4 1-0

[Event "Benidorm op U2300 02nd"]
[Site "Benidorm"]
[Date "2002.??.??"]
[Round "9.16"]
[White "Gonzalez Aguirre, Luis"]
[Black "Milla de Marco, Carlos"]
[Result "1-0"]
[WhiteElo "2232"]
[BlackElo "2041"]
[PlyCount "145"]
[EventDate "2002.11.22"]
[EventType "swiss"]
[EventRounds "9"]
[EventCountry "ESP"]
[SourceTitle "CBM 091 Extra"]
[Source "ChessBase"]
[SourceDate "2003.01.09"]
[SourceVersion "1"]
[SourceVersionDate "2003.01.09"]
[SourceQuality "1"]

1. c4 f5 2. Nc3 Nf6 3. Nf3 d6 4. g3 g6 5. Bg2 Bg7 6. 0-0 0-0 7. d3 Nc6 8. Rb1 e5 9. Bg5 h6 10. Bxf6 Qxf6 11. Nd5 Qf7 12. Nd2 Nd8 13. Qc2 c6 14. Nc3 Be6 15. b4 Rc8 16. b5 d5 17. bxc6 bxc6 18. Na4 Qe7 19. Qb3 e4 20. Qb4 c5 21. Qa3 dxc4 22. dxe4 fxe4 23. Rbc1 Bg4 24. Rxc4 Qd7 25. Qe3 Bd4 26. Qxe4 Be6 27. Qxg6+ Qg7 28. Qxg7+ Kxg7 29. Rc2 Bf5 30. Rcc1 Bd7 31. Nc3 Rb8 32. Nc4 Rb4 33. Nd5 Ra4 34. e3 Bb5 35. Rfd1 Bf6 36. Nd6 Bc6 37. Rd2 Be5 38. Nc4 Bb8 39. Nf4 Kh7 40. Bxc6 Nxc6 41. Rd7+ Kg8 42. a3 Rxc4 43. Rxc4 Ne5 44. Rxc5 Nxd7 45. Rc6 Ne5 46. Rxh6 Nc4 47. Ra6 Bxf4 48. exf4 Rf7 49. Kg2 Nb6 50. Kf3 Kg7 51. g4 Rc7 52. g5 Nd7 53. Kg4 Nb8 54. Ra4 a6 55. h4 Rc6 56. h5 Nd7 57. h6+ Kh7 58. Re4 Nf6+ 59. gxf6 Rxf6 60. f5 Rxh6 61. Re7+ Kg8 62. Re6 Rh2 63. Rxa6 Rxf2 64. Ra7 Rg2+ 65. Kf4 Rf2+ 66. Kg5 Kf8 67. Kf6 Kg8 68. a4 Rc2 69. a5 Rc6+ 70. Kg5 Rc5 71. Kg6 Kf8 72. f6 Rc8 73. Rh7 1-0

[Event "Benidorm op U2300 02nd"]
[Site "Benidorm"]
[Date "2002.??.??"]
[Round "6.4"]
[White "Milla de Marco, Carlos"]
[Black "Buenafe Moya, Javier"]
[Result "0-1"]
[WhiteElo "2041"]
[BlackElo "2254"]
[PlyCount "50"]
[EventDate "2002.11.22"]
[EventType "swiss"]
[EventRounds "9"]
[EventCountry "ESP"]
[SourceTitle "CBM 091 Extra"]
[Source "ChessBase"]
[SourceDate "2003.01.09"]
[SourceVersion "1"]
[SourceVersionDate "2003.01.09"]
[SourceQuality "1"]

1. e4 c5 2. Nc3 e6 3. g3 d5 4. exd5 exd5 5. Bg2 Nf6 6. d3 d4 7. Ne4 Nxe4 8. dxe4 Nc6 9. Ne2 Bd6 10. 0-0 0-0 11. Bf4 Bg4 12. f3 Be6 13. Rf2 Be7 14. Kh1 c4 15. Bc1 g5 16. f4 Bc5 17. Rf1 Bg4 18. h3 Qd6 19. fxg5 d3 20. hxg4 dxe2 21. Qxe2 Nd4 22. Qxc4 Qxg3 23. Qd3 Ne2 24. Rf3 Qh4+ 25. Rh3 Qe1+ 0-1

[Event "ESP-ch op-A"]
[Site "Cala Mendia"]
[Date "2001.11.24"]
[Round "8"]
[White "Castany Pampalona, Luis Maria"]
[Black "Milla de Marco, Carlos"]
[Result "1-0"]
[WhiteElo "2232"]
[BlackElo "2065"]
[PlyCount "58"]
[EventDate "2001.11.17"]
[EventType "swiss"]
[EventRounds "9"]
[EventCountry "ESP"]
[SourceTitle "CBM 085 Extra"]
[Source "ChessBase"]
[SourceDate "2002.01.21"]
[SourceVersion "1"]
[SourceVersionDate "2002.01.21"]
[SourceQuality "1"]

1. e4 e5 2. Nc3 Nf6 3. f4 d5 4. fxe5 Nxe4 5. Nf3 Be7 6. Qe2 f5 7. d3 Nxc3 8. bxc3 c5 9. d4 Nc6 10. Bd2 0-0 11. Qb5 a6 12. Qb2 b5 13. Bd3 g5 14. 0-0 g4 15. Ne1 Bg5 16. Bf4 Bxf4 17. Rxf4 Qg5 18. g3 Nd8 19. Ng2 Ne6 20. Rf2 Qd8 21. Nf4 Ng5 22. Bf1 Bb7 23. Bg2 Qd7 24. Qb3 Ne4 25. Bxe4 fxe4 26. Raf1 Rf5 27. Qa3 Qe7 28. Nxd5 Bxd5 29. Rxf5 Bc4 1-0

[Event "ESP-ch op-A"]
[Site "Cala Mendia"]
[Date "2001.11.22"]
[Round "6"]
[White "Zurano Lopez, Pedro"]
[Black "Milla de Marco, Carlos"]
[Result "1-0"]
[WhiteElo "2261"]
[BlackElo "2065"]
[PlyCount "86"]
[EventDate "2001.11.17"]
[EventType "swiss"]
[EventRounds "9"]
[EventCountry "ESP"]
[SourceTitle "CBM 085 Extra"]
[Source "ChessBase"]
[SourceDate "2002.01.21"]
[SourceVersion "1"]
[SourceVersionDate "2002.01.21"]
[SourceQuality "1"]

1. d4 f5 2. Nf3 g6 3. g3 Nf6 4. Bg2 Bg7 5. c4 0-0 6. 0-0 d6 7. Nc3 Nc6 8. d5 Ne5 9. Nxe5 dxe5 10. f3 h6 11. e4 f4 12. g4 g5 13. b4 a6 14. a4 Rf7 15. Bb2 Bh8 16. h3 Qf8 17. Rf2 h5 18. Bf1 Bd7 19. c5 Rh7 20. Qe2 Qh6 21. Rh2 Rf8 22. Nd1 Ne8 23. Nf2 Bf6 24. b5 a5 25. c6 bxc6 26. bxc6 Bc8 27. Bc3 Rff7 28. Bxa5 e6 29. Bc3 exd5 30. exd5 Nd6 31. Ra2 e4 32. Bxf6 exf3 33. Qxf3 Qxf6 34. Bd3 Rh8 35. Kg2 Qd4 36. a5 Nc4 37. a6 Ne3+ 38. Kg1 hxg4 39. hxg4 Bxg4 40. Rxh8+ Kxh8 41. a7 Bf5 42. Bxf5 Nxf5 43. a8Q+ Kg7 1-0

[Event "ESP-ch op-A"]
[Site "Cala Mendia"]
[Date "2001.11.21"]
[Round "5"]
[White "Milla de Marco, Carlos"]
[Black "Diez Fraile, Mariano"]
[Result "0-1"]
[WhiteElo "2065"]
[BlackElo "2250"]
[PlyCount "108"]
[EventDate "2001.11.17"]
[EventType "swiss"]
[EventRounds "9"]
[EventCountry "ESP"]
[SourceTitle "CBM 085 Extra"]
[Source "ChessBase"]
[SourceDate "2002.01.21"]
[SourceVersion "1"]
[SourceVersionDate "2002.01.21"]
[SourceQuality "1"]

1. e4 c5 2. Nc3 d6 3. f4 e6 4. Nf3 Nf6 5. d3 Nc6 6. g3 d5 7. e5 Nd7 8. Bg2 a6 9. a4 Rb8 10. 0-0 b5 11. axb5 axb5 12. g4 Qc7 13. Ne2 Be7 14. Ng3 0-0 15. c3 d4 16. Qe2 dxc3 17. bxc3 Rd8 18. Re1 Nb6 19. f5 Nd5 20. f6 gxf6 21. Bd2 Nxe5 22. Nxe5 Qxe5 23. Qf2 Qc7 24. Nh5 c4 25. d4 Bb7 26. Bxd5 Rxd5 27. Nxf6+ Bxf6 28. Qxf6 Qd8 29. Qh6 Qf8 30. Qxf8+ Kxf8 31. Ra7 Rd7 32. Bf4 Rc8 33. Be5 Ke7 34. Rf1 Rg8 35. Bf6+ Kd6 36. g5 h6 37. h4 Kc6 38. Kf2 hxg5 39. Bxg5 f6 40. Bxf6 Rf7 41. Ke1 Rgf8 42. Ra2 Rxf6 43. Raf2 Rxf2 44. Rxf2 Rxf2 45. Kxf2 Kd6 46. Ke3 Ke7 47. Kd2 Be4 48. Kc1 Kf6 49. Kb2 Kg6 50. Ka3 Kh5 51. Kb4 Kxh4 52. Kxb5 Bd5 53. Kb4 Kg3 54. Ka3 Kf3 0-1

[Event "Burgas op 10th"]
[Site "Burgas"]
[Date "2001.??.??"]
[Round "9"]
[White "Camejo Almeida, Rui"]
[Black "Milla de Marco, Carlos"]
[Result "1-0"]
[WhiteElo "2289"]
[BlackElo "2067"]
[PlyCount "97"]
[EventDate "2001.??.??"]
[EventType "swiss"]
[EventRounds "9"]
[EventCountry "ESP"]
[SourceTitle "EXT 2002"]
[Source "ChessBase"]
[SourceDate "2001.11.25"]
[SourceVersion "1"]
[SourceVersionDate "2001.11.25"]
[SourceQuality "1"]

1. a3 e5 2. c4 Nf6 3. d3 c6 4. Nf3 Be7 5. Nbd2 d6 6. b3 0-0 7. Bb2 Re8 8. g3 Bg4 9. Bg2 Nbd7 10. 0-0 Bf8 11. Qc2 Rc8 12. b4 d5 13. Rfe1 e4 14. dxe4 dxe4 15. Ng5 e3 16. fxe3 Bh5 17. Bh3 h6 18. Ngf3 Bg6 19. Qb3 Rc7 20. Rad1 Qe7 21. Nh4 Bh7 22. Nf5 Bxf5 23. Bxf5 Qxe3+ 24. Qxe3 Rxe3 25. Nf3 g6 26. Bh3 Bg7 27. Bc1 Re7 28. Bf4 Rc8 29. Ne5 g5 30. Nxd7 Rxd7 31. Bxd7 Rd8 32. Be5 Rxd7 33. Rxd7 Nxd7 34. Bxg7 Kxg7 35. Rd1 Nb6 36. c5 Nd5 37. e4 Nc3 38. Rd8 Nxe4 39. Rb8 a5 40. Rxb7 axb4 41. axb4 Nc3 42. Rb6 Nd5 43. Rxc6 Nxb4 44. Rd6 Kf8 45. c6 Na6 46. Rd7 Ke8 47. Ra7 Nc5 48. Ra8+ Ke7 49. c7 1-0

[Event "Burgas op 10th"]
[Site "Burgas"]
[Date "2001.??.??"]
[Round "2"]
[White "Milla de Marco, Carlos"]
[Black "Glavina, Pablo"]
[Result "0-1"]
[WhiteElo "2067"]
[BlackElo "2414"]
[PlyCount "112"]
[EventDate "2001.??.??"]
[EventType "swiss"]
[EventRounds "9"]
[EventCountry "ESP"]
[SourceTitle "EXT 2002"]
[Source "ChessBase"]
[SourceDate "2001.11.25"]
[SourceVersion "1"]
[SourceVersionDate "2001.11.25"]
[SourceQuality "1"]

1. e4 Nf6 2. Nc3 e5 3. Nf3 Nc6 4. d4 exd4 5. Nd5 Be7 6. Bc4 0-0 7. 0-0 Nxe4 8. Re1 Nf6 9. Nxe7+ Nxe7 10. Bg5 Ng6 11. Qxd4 h6 12. Bxf6 Qxf6 13. Qxf6 gxf6 14. h4 d6 15. Bb3 Bd7 16. h5 Ne5 17. Nh4 Rfe8 18. Re3 Be6 19. Rae1 d5 20. f4 Nc4 21. Bxc4 dxc4 22. Nf5 Kh7 23. Nd4 Bd7 24. Re7 Kg8 25. Kf2 Rxe7 26. Rxe7 Rd8 27. Kg3 Kf8 28. Re2 c5 29. Nf3 Bc6 30. Nd2 b5 31. Kf2 Rd4 32. g3 b4 33. Nf3 Rd1 34. Nh4 Bd7 35. Nf3 Bg4 36. Re3 Bxh5 37. Nh2 Bg6 38. Re2 Bf5 39. g4 Bd7 40. f5 Bc6 41. Nf1 Rd4 42. Kg3 a5 43. c3 bxc3 44. bxc3 Rd3+ 45. Re3 Rd1 46. Kf2 Rc1 47. Nd2 Rc2 48. Ke1 Bd5 49. Kd1 Rxa2 50. Kc1 a4 51. Ne4 a3 52. Kb1 Rg2 53. Nxf6 Bc6 54. Re5 Ba4 55. Rxc5 Bb3 56. Ra5 Rg1# 0-1

[Event "Medina del Campo op"]
[Site "Medina del Campo"]
[Date "2001.??.??"]
[Round "1"]
[White "Milla de Marco, Carlos"]
[Black "Iruzubieta Villaluenga, Jesus Maria"]
[Result "0-1"]
[WhiteElo "2069"]
[BlackElo "2430"]
[PlyCount "108"]
[EventDate "2001.10.30"]
[EventType "swiss"]
[EventRounds "9"]
[EventCountry "ESP"]
[SourceTitle "EXT 2003"]
[Source "ChessBase"]
[SourceDate "2002.11.25"]
[SourceVersion "1"]
[SourceVersionDate "2002.11.25"]
[SourceQuality "1"]

1. e4 e5 2. Bc4 Nf6 3. d4 exd4 4. Nf3 Nc6 5. 0-0 Nxe4 6. Re1 d5 7. Bxd5 Qxd5 8. Nc3 Qh5 9. Nxe4 Be6 10. Bg5 h6 11. Bf6 Qg6 12. Nh4 Qg4 13. Qxg4 Bxg4 14. Nc5+ Be6 15. Nxe6 fxe6 16. Be5 0-0-0 17. Ng6 Rg8 18. Bg3 Kd7 19. Rad1 Bd6 20. Re2 Rge8 21. f4 Ne7 22. Nxe7 Bxe7 23. Rxd4+ Kc8 24. Rxd8+ Rxd8 25. Kf2 Kd7 26. Kf3 Rf8 27. Ke4 Bd6 28. Rf2 Rf5 29. Rf3 Rc5 30. Kd3 Rd5+ 31. Ke4 Ra5 32. a3 Rc5 33. Kd3 Rb5 34. Kc3 Rf5 35. Kd3 g6 36. Ke4 Rc5 37. Kd3 Rb5 38. Kc3 Rf5 39. Kd3 Rd5+ 40. Ke4 Rd1 41. Bh4 Ke8 42. Bf6 Rd2 43. g4 Rxh2 44. f5 exf5+ 45. gxf5 gxf5+ 46. Kxf5 Rxc2 47. Kg6 Rh2 48. Re3+ Kd7 49. Rd3 Kc6 50. Rf3 b5 51. Rf5 a6 52. Rh5 Rxh5 53. Kxh5 Bf4 54. Kg4 Bc1 0-1

[Event "Burgas op 10th"]
[Site "Burgas"]
[Date "2001.??.??"]
[Round "5"]
[White "Piankov, Evgenij"]
[Black "Milla de Marco, Carlos"]
[Result "1-0"]
[WhiteElo "2370"]
[BlackElo "2067"]
[PlyCount "91"]
[EventDate "2001.??.??"]
[EventType "swiss"]
[EventRounds "9"]
[EventCountry "ESP"]
[SourceTitle "EXT 2002"]
[Source "ChessBase"]
[SourceDate "2001.11.25"]
[SourceVersion "1"]
[SourceVersionDate "2001.11.25"]
[SourceQuality "1"]

1. d4 f5 2. g3 g6 3. Bg2 Nf6 4. Nd2 Bg7 5. e4 fxe4 6. Nxe4 Nxe4 7. Bxe4 d5 8. Bg2 Nc6 9. c3 e5 10. dxe5 Nxe5 11. Bf4 c6 12. Bxe5 Bxe5 13. f4 Bg7 14. Qe2+ Kf7 15. Nf3 Re8 16. Ne5+ Kg8 17. 0-0 Bxe5 18. fxe5 Qg5 19. Rae1 Bg4 20. Qf2 Rf8 21. Qd4 Rxf1+ 22. Rxf1 Be6 23. Rf4 a6 24. Qe3 Qe7 25. h3 Re8 26. Rf1 Kg7 27. g4 Rf8 28. Rxf8 Kxf8 29. b4 Kg7 30. a4 h6 31. a5 Bc8 32. Kf2 Be6 33. Ke2 Bg8 34. Kd2 g5 35. Bf1 Bh7 36. Bd3 Bxd3 37. Kxd3 Qf7 38. Kd4 Kf8 39. Kc5 Qf4 40. Qd4 Ke7 41. Kb6 Kd8 42. Kxb7 Qf7+ 43. Kxa6 Qf1+ 44. Kb7 Qf7+ 45. Kxc6 Kc8 46. Qxd5 1-0

[Event "Madrid Once op 3rd"]
[Site "Madrid"]
[Date "2000.12.17"]
[Round "3"]
[White "Camarena Gimenez, Rufino"]
[Black "Milla de Marco, Carlos"]
[Result "1-0"]
[WhiteElo "2325"]
[BlackElo "2104"]
[PlyCount "39"]
[EventDate "2000.12.15"]
[EventType "swiss"]
[EventRounds "9"]
[EventCountry "ESP"]
[SourceTitle "EXT 2002"]
[Source "ChessBase"]
[SourceDate "2001.11.25"]
[SourceVersion "1"]
[SourceVersionDate "2001.11.25"]
[SourceQuality "1"]

1. d4 Nf6 2. c4 e5 3. dxe5 Ne4 4. Nf3 Nc6 5. e3 d6 6. exd6 Bxd6 7. Nbd2 Nc5 8. Be2 Bf5 9. 0-0 Qf6 10. Nb3 Ne4 11. Nbd4 Rd8 12. a3 0-0 13. Bd3 Bg6 14. Qc2 Rfe8 15. b4 Ne5 16. Nxe5 Qxe5 17. f4 Qh5 18. c5 Bf8 19. f5 Rxd4 20. fxg6 1-0